Seth speaks : (Record no. 513)

MARC details
000 -LEADER
fixed length control field 01365pam a2200361 a 4500
005 - DATE AND TIME OF LATEST TRANSACTION
control field 20260322212023.0
008 - FIXED-LENGTH DATA ELEMENTS--GENERAL INFORMATION
fixed length control field data
010 ## - LIBRARY OF CONGRESS CONTROL NUMBER
LC control number 94010678
020 ## - INTERNATIONAL STANDARD BOOK NUMBER
International Standard Book Number 1878424076 (pbk. : alk. paper) :
Terms of availability {dollar}15.95
020 ## - INTERNATIONAL STANDARD BOOK NUMBER
International Standard Book Number 9781878424075 (pbk. : alk. paper) :
Terms of availability {dollar}15.95
040 ## - CATALOGING SOURCE
Original cataloging agency DLC
Transcribing agency DLC
Modifying agency DLC
050 00 - LIBRARY OF CONGRESS CALL NUMBER
Classification number BF1301
Item number .S387 1994
082 00 - DEWEY DECIMAL CLASSIFICATION NUMBER
Classification number 133.9/3
Edition information 20
092 ## - LOCALLY ASSIGNED DEWEY CALL NUMBER (OCLC)
Classification number 133.9 S387 1994
001 - CONTROL NUMBER
control field data
100 1# - MAIN ENTRY--PERSONAL NAME
Personal name Seth
Titles and words associated with a name (Spirit)
245 10 - TITLE STATEMENT
Title Seth speaks :
Remainder of title the eternal validity of the soul /
Statement of responsibility, etc. Seth, Jane Roberts & Robert F. Butts.
260 ## - PUBLICATION, DISTRIBUTION, ETC.
Place of publication, distribution, etc. [Emeryville, CA] :
Name of publisher, distributor, etc. Distributed by Publishers Group West,
Place of publication, distribution, etc. [Emeryville, CA] :
Name of publisher, distributor, etc. Distributed by Publishers Group West,
Date of publication, distribution, etc. c1994.
300 ## - PHYSICAL DESCRIPTION
Extent xx, 445 p. ;
Dimensions 23 cm.
490 1# - SERIES STATEMENT
Series statement A Seth book
500 ## - GENERAL NOTE
General note "An Amber-Allen book."
500 ## - GENERAL NOTE
General note Originally published: Englewood Cliffs, N.J. : Prentice-Hall, 1972.
500 ## - GENERAL NOTE
General note Includes index.
650 #0 - SUBJECT ADDED ENTRY--TOPICAL TERM
Topical term or geographic name entry element Spirit writings.
650 #0 - SUBJECT ADDED ENTRY--TOPICAL TERM
Topical term or geographic name entry element Soul.
650 #0 - SUBJECT ADDED ENTRY--TOPICAL TERM
Topical term or geographic name entry element Reincarnation.
700 1# - ADDED ENTRY--PERSONAL NAME
Personal name Roberts, Jane,
Dates associated with a name 1929-
700 1# - ADDED ENTRY--PERSONAL NAME
Personal name Butts, Robert F.
800 0# - SERIES ADDED ENTRY--PERSONAL NAME
Personal name Seth
Titles and other words associated with a name (Spirit).
Title of a work Seth book.
906 ## - LOCAL DATA ELEMENT F, LDF (RLIN)
a 7
b cbc
c orignew
d 1
e ocip
f 19
g y-gencatlg
991 ## -
-- c-GenColl
-- BF1301
-- .S387 1994
-- 0001441406A
-- Copy 1
-- BOOKS
Holdings
Withdrawn status Lost status Damaged status Not for loan Home library Current library Shelving location Date acquired Total checkouts Full call number Barcode Date last seen Price effective from Koha item type
        Centerville Centerville General stacks 22/03/2026   133.9/3 20 BC0010525 22/03/2026 22/03/2026 Books